| 000 | 00788nam a2200253Ia 4500 | ||
|---|---|---|---|
| 003 | OSt | ||
| 005 | 20220927105446.0 | ||
| 006 | a|||||r|||| 00| 0 | ||
| 007 | ta | ||
| 008 | 220926b |||||||| |||| 00| 0 eng d | ||
| 024 | _a174526 | ||
| 037 | _cReference Collections | ||
| 040 |
_aRTL _cRTL _beng |
||
| 041 |
_2eng _aeng |
||
| 082 | _a"Y11:4:6.dN82, N/UN" | ||
| 110 |
_aUNITED NATIONS CHILDREN'S FUND _9360969 |
||
| 245 | 0 |
_aFinancial report and audited financial statements _b For the year ended 31 Dec 1982 |
|
| 260 |
_aNew _bYork United Nations _c1983 |
||
| 300 |
_a"vii, 69p." _ccm. |
||
| 490 | _aSupplement No. 5B | ||
| 700 |
_aUNITED NATIONS CHILDREN'S FUND _9360971 |
||
| 942 |
_h"Y11:4:6.dN82, N/UN" _cCC |
||
| 999 |
_c692672 _d692672 |
||